Initial Assessment of the Central Artery/Tunnel Project Stem to Stren Safety Review (Record no. 2196)

000 -LEADER
fixed length control field 00276 a2200085 4500
082 ## - DEWEY DECIMAL CLASSIFICATION NUMBER
Classification number 363.125 FHW
245 ## - TITLE STATEMENT
Title Initial Assessment of the Central Artery/Tunnel Project Stem to Stren Safety Review
260 ## - PUBLICATION, DISTRIBUTION, ETC.
Name of publisher, distributor, etc. Federal Highway Administration,
Date of publication, distribution, etc. 2007
300 ## - PHYSICAL DESCRIPTION
Extent 26p. :
Other physical details ill. ;
Dimensions 30 cm
650 ## - SUBJECT ADDED ENTRY--TOPICAL TERM
Topical term or geographic name entry element Tunnel Safety
Holdings
Withdrawn status Lost status Damaged status Not for loan Permanent Location Current Location Shelving location Date acquired Total Checkouts Full call number Barcode Date last seen Price effective from Koha item type
        School of Civil and Environmental Engineering (SCEE) School of Civil and Environmental Engineering (SCEE)       363.125 FHW NIT-3509 01/05/2017 01/05/2017 Book
© 2023 Central Library, National University of Sciences and Technology. All Rights Reserved.